[Event "DEM U12w 2022"]
[Site "Willingen GER"]
[Date "2022.06.05"]
[Round "1"]
[White "Neininger, Sarah"]
[Black "Zhou, Leyi Charlotte"]
[Result "1-0"]
[Termination "normal"]
[Board "5"]
[WhiteElo "1429"]
[BlackElo "1315"]
[WhiteClock "00:22:45"]
[BlackClock "00:49:12"]
[PlyCount "89"]
[WhiteFideId "16287410"]
[BlackFideId "16258100"]
[EventCountry "GER"]
[EventRounds "9"]
[EventType "swiss"]
[EventDate "2022.06.04"]

1. e4 {[%clk 01:30:56]} {[%emt 00:00:03]} e5 {[%clk 01:30:50]} {[%emt
00:00:11]} 2. Nf3 {[%clk 01:31:18]} {[%emt 00:00:08]} Nc6 {[%clk 01:31:06]}
{[%emt 00:00:14]} 3. Bb5 {[%clk 01:31:37]} {[%emt 00:00:12]} a6 {[%clk
01:31:23]} {[%emt 00:00:11]} 4. Ba4 {[%clk 01:32:03]} {[%emt 00:00:05]} Nf6
{[%clk 01:31:29]} {[%emt 00:00:24]} 5. O-O {[%clk 01:32:21]} {[%emt 00:00:12]}
Be7 {[%clk 01:31:34]} {[%emt 00:00:25]} 6. Re1 {[%clk 01:32:34]} {[%emt
00:00:17]} b5 {[%clk 01:31:37]} {[%emt 00:00:26]} 7. Bb3 {[%clk 01:32:59]}
{[%emt 00:00:06]} O-O {[%clk 01:31:22]} {[%emt 00:00:44]} 8. h3 {[%clk
01:33:07]} {[%emt 00:00:23]} d6 {[%clk 01:31:26]} {[%emt 00:00:27]} 9. c3
{[%clk 01:33:14]} {[%emt 00:00:22]} Nb8 {[%clk 01:31:14]} {[%emt 00:00:42]} 10.
d4 {[%clk 01:30:37]} {[%emt 00:03:07]} Bb7 {[%clk 01:29:42]} {[%emt 00:02:01]}
11. Bc2 {[%clk 01:30:26]} {[%emt 00:00:42]} Re8 {[%clk 01:29:35]} {[%emt
00:00:36]} 12. d5 {[%clk 01:29:48]} {[%emt 00:01:09]} Bf8 {[%clk 01:29:17]}
{[%emt 00:00:48]} 13. Nbd2 {[%clk 01:26:26]} {[%emt 00:03:52]} g6 {[%clk
01:29:12]} {[%emt 00:00:34]} 14. Nf1 {[%clk 01:26:17]} {[%emt 00:00:39]} c5
{[%clk 01:28:46]} {[%emt 00:00:57]} 15. Ng3 {[%clk 01:24:49]} {[%emt 00:01:58]}
c4 {[%clk 01:25:55]} {[%emt 00:03:21]} 16. Bg5 {[%clk 01:17:32]} {[%emt
00:07:46]} Bg7 {[%clk 01:25:13]} {[%emt 00:01:12]} 17. a4 {[%clk 01:06:33]}
{[%emt 00:11:31]} h6 {[%clk 01:24:54]} {[%emt 00:00:48]} 18. Be3 {[%clk
01:04:49]} {[%emt 00:01:57]} Nbd7 {[%clk 01:23:34]} {[%emt 00:02:07]} 19. Qc1
{[%clk 00:49:56]} {[%emt 00:15:18]} Kh7 {[%clk 01:22:32]} {[%emt 00:01:37]} 20.
Nh2 {[%emt 00:31:57]} Ng8 {[%clk 01:13:56]} 21. Ng4 {[%clk 00:21:36]} {[%emt
00:06:26]} h5 {[%clk 01:12:00]} {[%emt 00:02:29]} 22. Nh2 {[%clk 00:19:44]}
{[%emt 00:02:21]} Ne7 {[%clk 01:12:02]} {[%emt 00:00:28]} 23. Nf3 {[%clk
00:17:55]} {[%emt 00:02:19]} f6 {[%clk 01:10:33]} {[%emt 00:01:59]} 24. Nh4
{[%clk 00:13:58]} {[%emt 00:04:26]} Ng8 {[%clk 01:08:27]} {[%emt 00:02:37]} 25.
Nf3 {[%clk 00:13:27]} {[%emt 00:01:01]} Bh6 {[%clk 01:08:29]} {[%emt 00:00:27]}
26. Bxh6 {[%clk 00:11:52]} {[%emt 00:02:06]} Nxh6 {[%clk 01:08:51]} {[%emt
00:00:08]} 27. Qe3 {[%clk 00:10:43]} {[%emt 00:01:36]} Nc5 {[%clk 01:04:14]}
{[%emt 00:05:10]} 28. axb5 {[%clk 00:09:57]} {[%emt 00:01:16]} axb5 {[%clk
01:04:30]} {[%emt 00:00:14]} 29. Rxa8 {[%clk 00:09:58]} {[%emt 00:00:29]} Qxa8
{[%clk 01:04:54]} {[%emt 00:00:07]} 30. Qc1 {[%clk 00:08:47]} {[%emt 00:01:32]}
Qa7 {[%clk 01:01:17]} {[%emt 00:04:15]} 31. Nd2 {[%clk 00:07:32]} {[%emt
00:01:45]} Rf8 {[%clk 00:57:42]} {[%emt 00:04:05]} 32. b4 {[%clk 00:06:32]}
{[%emt 00:01:30]} cxb3 {[%emt 00:00:28]} 33. Nxb3 {[%clk 00:06:46]} {[%emt
00:00:15]} h4 {[%clk 00:56:50]} {[%emt 00:01:25]} 34. Nf1 {[%clk 00:06:25]}
{[%emt 00:00:51]} f5 {[%clk 00:55:04]} {[%emt 00:02:16]} 35. Nxc5 {[%clk
00:05:55]} {[%emt 00:01:01]} Qxc5 {[%clk 00:55:21]} {[%emt 00:00:12]} 36. Qe3
{[%clk 00:05:20]} {[%emt 00:01:00]} Qc7 {[%clk 00:51:41]} {[%emt 00:04:14]} 37.
Nd2 {[%clk 00:04:43]} {[%emt 00:01:05]} Rc8 {[%clk 00:48:19]} {[%emt 00:03:55]}
38. Qg5 {[%clk 00:02:36]} {[%emt 00:02:37]} Qxc3 {[%clk 00:46:51]} {[%emt
00:01:59]} 39. exf5 {[%clk 00:02:27]} {[%emt 00:00:39]} Nxf5 {[%clk 00:40:56]}
{[%emt 00:06:25]} 40. Bxf5 {[%clk 00:02:35]} {[%emt 00:00:21]} gxf5 {[%clk
00:40:43]} {[%emt 00:00:43]} 41. Qxf5+ {[%clk 00:02:55]} {[%emt 00:00:10]} Kh6
{[%clk 00:37:57]} {[%emt 00:03:17]} 42. Qe6+ {[%clk 00:01:03]} {[%emt
00:02:15]} Kh5 {[%clk 00:34:48]} {[%emt 00:03:45]} 43. Nf3 {[%clk 00:29:09]}
{[%emt 00:02:23]} Qc7 {[%clk 00:51:21]} {[%emt 00:13:58]} 44. Nxe5 {[%clk
00:23:02]} {[%emt 00:06:36]} Bxd5 {[%clk 00:49:12]} {[%emt 00:02:40]} 45. Qg6#
{[%clk 00:22:45]} {[%emt 00:00:16]} 1-0

[Event "DEM U12w 2022"]
[Site "Willingen GER"]
[Date "2022.06.05"]
[Round "1"]
[White "Bakó, Isabella"]
[Black "Wagner, Cosima"]
[Result "1-0"]
[Termination "normal"]
[Board "6"]
[WhiteElo "1247"]
[BlackElo "1362"]
[WhiteClock "00:29:10"]
[BlackClock "00:17:45"]
[PlyCount "120"]
[WhiteFideId "16287266"]
[BlackFideId "34603484"]
[EventCountry "GER"]
[EventRounds "9"]
[EventType "swiss"]
[EventDate "2022.06.04"]

1. e4 {[%clk 01:30:56]} {[%emt 00:00:03]} c5 {[%clk 01:30:56]} {[%emt
00:00:05]} 2. Nf3 {[%clk 01:31:11]} {[%emt 00:00:13]} Nc6 {[%clk 01:31:21]}
{[%emt 00:00:07]} 3. d4 {[%clk 01:31:29]} {[%emt 00:00:10]} cxd4 {[%clk
01:31:46]} {[%emt 00:00:06]} 4. Nxd4 {[%clk 01:31:51]} {[%emt 00:00:08]} g6
{[%clk 01:32:05]} {[%emt 00:00:12]} 5. c4 {[%clk 01:32:06]} {[%emt 00:00:15]}
Nf6 {[%clk 01:31:28]} {[%emt 00:01:07]} 6. Nc3 {[%clk 01:32:24]} {[%emt
00:00:11]} Nxd4 {[%clk 01:29:04]} {[%emt 00:02:56]} 7. Qxd4 {[%clk 01:32:37]}
{[%emt 00:00:15]} d6 {[%clk 01:29:25]} {[%emt 00:00:09]} 8. Be3 {[%clk
01:32:10]} {[%emt 00:00:56]} Bg7 {[%clk 01:28:08]} {[%emt 00:01:49]} 9. Qd2
{[%clk 01:32:03]} {[%emt 00:00:36]} O-O {[%clk 01:27:15]} {[%emt 00:01:23]} 10.
Be2 {[%clk 01:31:02]} {[%emt 00:01:30]} a5 {[%clk 01:25:14]} {[%emt 00:02:33]}
11. Bd1 {[%clk 01:27:28]} {[%emt 00:04:03]} a4 {[%clk 01:18:20]} {[%emt
00:07:25]} 12. Bxa4 {[%clk 01:25:05]} {[%emt 00:02:53]} Nxe4 {[%clk 01:18:20]}
{[%emt 00:00:31]} 13. Nxe4 {[%clk 01:23:52]} {[%emt 00:01:42]} Rxa4 {[%clk
01:17:22]} {[%emt 00:01:28]} 14. Qc1 {[%clk 01:18:38]} {[%emt 00:05:42]} Qa5+
{[%clk 01:06:33]} {[%emt 00:11:21]} 15. Bd2 {[%clk 01:16:59]} {[%emt 00:02:07]}
Qc7 {[%emt 00:09:22]} 16. b3 {[%clk 01:05:06]} {[%emt 00:12:23]} Bxa1 {[%clk
00:56:56]} {[%emt 00:01:17]} 17. Qxa1 {[%clk 01:03:46]} {[%emt 00:01:49]} Ra5
{[%clk 00:44:53]} {[%emt 00:12:34]} 18. Bh6 {[%clk 00:59:57]} {[%emt 00:04:16]}
Re5 {[%clk 00:42:51]} {[%emt 00:02:34]} 19. O-O {[%clk 00:57:43]} {[%emt
00:02:43]} f6 {[%clk 00:38:59]} {[%emt 00:04:24]} 20. Bxf8 {[%clk 00:57:33]}
{[%emt 00:00:39]} Kxf8 {[%clk 00:33:21]} {[%emt 00:06:09]} 21. Ng3 {[%clk
00:57:13]} {[%emt 00:00:48]} Qa5 {[%clk 00:29:26]} {[%emt 00:04:26]} 22. Qb2
{[%clk 00:53:31]} {[%emt 00:04:09]} Kf7 {[%clk 00:23:20]} {[%emt 00:06:39]} 23.
Ne2 {[%clk 00:52:29]} {[%emt 00:01:32]} Rg5 {[%clk 00:20:28]} {[%emt 00:03:21]}
24. Kh1 {[%clk 00:49:53]} {[%emt 00:03:06]} Qa6 {[%clk 00:17:56]} {[%emt
00:03:03]} 25. Nc3 {[%clk 00:46:42]} {[%emt 00:03:40]} Qc6 {[%clk 00:17:18]}
{[%emt 00:01:10]} 26. f4 {[%clk 00:46:06]} {[%emt 00:01:04]} Rg4 {[%clk
00:15:51]} {[%emt 00:01:59]} 27. Qe2 {[%clk 00:43:43]} {[%emt 00:02:49]} b6
{[%clk 00:11:22]} {[%emt 00:05:02]} 28. Re1 {[%clk 00:40:57]} {[%emt 00:03:14]}
e5 {[%clk 00:08:04]} {[%emt 00:03:50]} 29. Rf1 {[%clk 00:38:46]} {[%emt
00:02:41]} Rxf4 {[%emt 00:01:53]} 30. Rxf4 {[%clk 00:34:50]} {[%emt 00:04:21]}
exf4 {[%clk 00:07:00]} {[%emt 00:00:16]} 31. Nd5 {[%clk 00:34:46]} {[%emt
00:00:34]} Be6 {[%clk 00:03:36]} {[%emt 00:03:55]} 32. Nxf4 {[%clk 00:34:10]}
{[%emt 00:01:04]} Qd7 {[%clk 00:03:33]} {[%emt 00:00:34]} 33. Qe3 {[%clk
00:33:35]} {[%emt 00:01:03]} g5 {[%clk 00:03:22]} {[%emt 00:00:43]} 34. Nxe6
{[%clk 00:33:21]} {[%emt 00:00:43]} Qxe6 {[%clk 00:03:51]} {[%emt 00:00:03]}
35. Qxb6 {[%clk 00:33:32]} {[%emt 00:00:18]} Qe1+ {[%clk 00:03:58]} {[%emt
00:00:23]} 36. Qg1 {[%clk 00:33:52]} {[%emt 00:00:09]} Qd2 {[%clk 00:04:10]}
{[%emt 00:00:19]} 37. Qa1 {[%clk 00:33:35]} {[%emt 00:00:45]} d5 {[%clk
00:04:20]} {[%emt 00:00:23]} 38. cxd5 {[%clk 00:32:57]} {[%emt 00:01:06]} Qxd5
{[%clk 00:04:45]} {[%emt 00:00:06]} 39. b4 {[%clk 00:32:23]} {[%emt 00:01:04]}
h5 {[%clk 00:02:48]} {[%emt 00:02:27]} 40. a4 {[%clk 00:32:17]} {[%emt
00:00:35]} h4 {[%clk 00:02:58]} {[%emt 00:00:21]} 41. h3 {[%clk 00:31:40]}
{[%emt 00:01:04]} f5 {[%clk 00:02:46]} {[%emt 00:00:45]} 42. a5 {[%clk
00:27:37]} {[%emt 00:04:33]} g4 {[%clk 00:02:33]} {[%emt 00:00:42]} 43. hxg4
{[%clk 00:21:16]} {[%emt 00:06:52]} fxg4 {[%clk 00:01:22]} {[%emt 00:01:42]}
44. Qf1+ {[%clk 00:20:57]} {[%emt 00:00:47]} Kg6 {[%clk 00:01:43]} {[%emt
00:00:10]} 45. a6 {[%clk 00:19:34]} {[%emt 00:01:53]} h3 {[%clk 00:01:34]}
{[%emt 00:00:38]} 46. Kh2 {[%clk 00:02:15]} {[%emt 00:17:49]} Qd6+ {[%clk
00:01:28]} {[%emt 00:00:38]} 47. g3 {[%clk 00:01:58]} {[%emt 00:00:45]} Qd2+
{[%clk 00:01:42]} {[%emt 00:00:18]} 48. Kg1 {[%clk 00:01:49]} {[%emt 00:00:38]}
Qxb4 {[%clk 00:01:59]} {[%emt 00:00:13]} 49. Qd3+ {[%clk 00:01:42]} {[%emt
00:00:35]} Kh6 {[%clk 00:01:55]} {[%emt 00:00:35]} 50. Qe3+ {[%clk 00:01:13]}
{[%emt 00:00:58]} Kg6 {[%clk 00:02:13]} {[%emt 00:00:15]} 51. Qe6+ {[%clk
00:00:34]} {[%emt 00:01:08]} Kg5 {[%clk 00:02:21]} {[%emt 00:00:22]} 52. Qe5+
{[%clk 00:30:15]} {[%emt 00:00:48]} Kg6 {[%clk 00:31:50]} {[%emt 00:01:02]} 53.
Qe8+ {[%clk 00:30:06]} {[%emt 00:00:36]} Kf5 {[%clk 00:30:36]} {[%emt
00:01:46]} 54. Qf7+ {[%clk 00:29:40]} {[%emt 00:00:54]} Kg5 {[%clk 00:30:45]}
{[%emt 00:00:24]} 55. Qf4+ {[%clk 00:28:41]} {[%emt 00:01:28]} Qxf4 {[%clk
00:30:47]} {[%emt 00:00:29]} 56. gxf4+ {[%clk 00:29:04]} {[%emt 00:00:08]} Kxf4
{[%clk 00:22:15]} {[%emt 00:09:01]} 57. a7 {[%clk 00:29:13]} {[%emt 00:00:20]}
g3 {[%clk 00:19:48]} {[%emt 00:02:58]} 58. a8=Q {[%clk 00:29:27]} {[%emt
00:00:15]} h2+ {[%clk 00:19:07]} {[%emt 00:01:11]} 59. Kg2 {[%clk 00:29:13]}
{[%emt 00:00:42]} Kg4 {[%clk 00:17:32]} {[%emt 00:02:08]} 60. Qf3+ {[%clk
00:29:10]} {[%emt 00:00:32]} Kg5 {[%clk 00:17:45]} {[%emt 00:00:19]} 1-0

[Event "DEM U12w 2022"]
[Site "Willingen GER"]
[Date "2022.06.05"]
[Round "1"]
[White "Richter, Johanna"]
[Black "Rafikova, Ailin"]
[Result "1/2-1/2"]
[Termination "normal"]
[Board "7"]
[WhiteElo "1363"]
[BlackElo "1273"]
[WhiteClock "00:31:05"]
[BlackClock "00:29:01"]
[PlyCount "85"]
[WhiteFideId "16278925"]
[BlackFideId "34612173"]
[EventCountry "GER"]
[EventRounds "9"]
[EventType "swiss"]
[EventDate "2022.06.04"]

1. d4 {[%clk 01:30:58]} {[%emt 00:00:01]} d5 {[%clk 01:30:50]} {[%emt
00:00:10]} 2. c4 {[%clk 01:31:25]} {[%emt 00:00:04]} e6 {[%clk 01:30:56]}
{[%emt 00:00:24]} 3. Nc3 {[%emt 00:00:10]} Nf6 {[%clk 01:31:14]} {[%emt
00:00:10]} 4. Bg5 {[%clk 01:32:09]} {[%emt 00:00:07]} Nbd7 {[%clk 01:31:14]}
{[%emt 00:00:31]} 5. e3 {[%clk 01:32:29]} {[%emt 00:00:10]} Be7 {[%clk
01:29:40]} {[%emt 00:02:04]} 6. cxd5 {[%clk 01:29:56]} {[%emt 00:03:03]} exd5
{[%clk 01:25:32]} {[%emt 00:04:38]} 7. Bd3 {[%clk 01:29:04]} {[%emt 00:01:22]}
c6 {[%clk 01:24:15]} {[%emt 00:01:47]} 8. Qc2 {[%clk 01:29:15]} {[%emt
00:00:19]} O-O {[%clk 01:22:33]} {[%emt 00:02:11]} 9. Nge2 {[%clk 01:27:47]}
{[%emt 00:01:59]} Re8 {[%clk 01:19:29]} {[%emt 00:03:33]} 10. O-O {[%clk
01:26:58]} {[%emt 00:01:19]} Ne4 {[%clk 01:11:01]} {[%emt 00:08:58]} 11. Bxe7
{[%clk 01:24:36]} {[%emt 00:02:53]} Qxe7 {[%clk 01:10:05]} {[%emt 00:01:25]}
12. Rfe1 {[%clk 01:23:53]} {[%emt 00:01:12]} Ndf6 {[%clk 01:07:42]} {[%emt
00:02:54]} 13. f3 {[%clk 01:21:31]} {[%emt 00:02:53]} Nd6 {[%clk 01:02:59]}
{[%emt 00:05:13]} 14. Ng3 {[%clk 01:20:49]} {[%emt 00:01:11]} g6 {[%clk
00:59:46]} {[%emt 00:03:43]} 15. Rad1 {[%clk 01:18:38]} {[%emt 00:02:41]} b6
{[%clk 00:56:17]} {[%emt 00:03:59]} 16. e4 {[%clk 01:12:00]} {[%emt 00:07:09]}
dxe4 {[%clk 00:51:50]} {[%emt 00:04:56]} 17. fxe4 {[%clk 01:12:19]} {[%emt
00:00:12]} Nd7 {[%clk 00:47:13]} {[%emt 00:05:07]} 18. e5 {[%clk 01:09:06]}
{[%emt 00:03:42]} Nb7 {[%clk 00:44:51]} {[%emt 00:02:52]} 19. a3 {[%clk
01:03:42]} {[%emt 00:05:54]} a6 {[%clk 00:40:22]} {[%emt 00:04:59]} 20. Qe2
{[%clk 00:56:08]} {[%emt 00:08:03]} c5 {[%clk 00:34:54]} {[%emt 00:06:00]} 21.
Nd5 {[%clk 00:50:18]} {[%emt 00:06:20]} Qd8 {[%clk 00:32:02]} {[%emt 00:03:22]}
22. Ne4 {[%clk 00:44:24]} {[%emt 00:06:23]} Kg7 {[%clk 00:25:26]} {[%emt
00:07:06]} 23. dxc5 {[%clk 00:40:41]} {[%emt 00:04:14]} Rxe5 {[%clk 00:20:52]}
{[%emt 00:05:02]} 24. c6 {[%clk 00:39:37]} {[%emt 00:01:36]} Rxd5 {[%clk
00:19:50]} {[%emt 00:01:31]} 25. cxd7 {[%clk 00:39:38]} {[%emt 00:00:29]} Bxd7
{[%clk 00:19:02]} {[%emt 00:01:17]} 26. Bxa6 {[%clk 00:39:29]} {[%emt
00:00:40]} Bc6 {[%clk 00:17:36]} {[%emt 00:01:56]} 27. Rxd5 {[%clk 00:36:13]}
{[%emt 00:03:46]} Qxd5 {[%clk 00:17:51]} {[%emt 00:00:15]} 28. Qd3 {[%clk
00:29:45]} {[%emt 00:06:59]} Rxa6 {[%clk 00:09:47]} {[%emt 00:08:34]} 29. Qc3+
{[%clk 00:08:47]} {[%emt 00:21:28]} Kh6 {[%clk 00:03:51]} {[%emt 00:06:25]} 30.
Qh3+ {[%clk 00:08:31]} {[%emt 00:00:45]} Qh5 {[%clk 00:03:25]} {[%emt
00:00:56]} 31. Qe3+ {[%clk 00:08:28]} {[%emt 00:00:35]} g5 {[%clk 00:03:07]}
{[%emt 00:00:47]} 32. Rf1 {[%clk 00:06:10]} {[%emt 00:02:49]} Kg7 {[%clk
00:00:59]} {[%emt 00:02:37]} 33. Qd4+ {[%clk 00:06:25]} {[%emt 00:00:15]} Kf8
{[%clk 00:00:54]} {[%emt 00:00:35]} 34. Qh8+ {[%clk 00:06:31]} {[%emt
00:00:24]} Ke7 {[%clk 00:01:13]} {[%emt 00:00:11]} 35. Qf6+ {[%clk 00:06:46]}
{[%emt 00:00:15]} Kd7 {[%clk 00:01:13]} {[%emt 00:00:31]} 36. Qf5+ {[%clk
00:05:22]} {[%emt 00:01:53]} Kc7 {[%clk 00:00:57]} {[%emt 00:00:46]} 37. Qe5+
{[%clk 00:05:38]} {[%emt 00:00:14]} Kc8 {[%clk 00:00:56]} {[%emt 00:00:30]} 38.
Qh8+ {[%clk 00:05:36]} {[%emt 00:00:33]} Kc7 {[%clk 00:00:58]} {[%emt
00:00:28]} 39. Qe5+ {[%clk 00:05:24]} {[%emt 00:00:43]} Kc8 {[%clk 00:00:55]}
{[%emt 00:00:31]} 40. Qh8+ {[%clk 00:01:33]} {[%emt 00:04:22]} Kc7 {[%clk
00:01:17]} {[%emt 00:00:09]} 41. Qe5+ {[%clk 00:01:04]} {[%emt 00:00:58]} Kc8
{[%clk 00:01:31]} {[%emt 00:00:15]} 42. Rc1 {[%clk 00:00:49]} {[%emt 00:00:46]}
Nc5 {[%clk 00:29:01]} {[%emt 00:04:17]} 43. Nd6+ {[%clk 00:31:05]} {[%emt
00:00:15]} 1/2-1/2